Statistics for Where is the Capital? - North or South

Click here to take the quiz!

General Stats

  • This quiz has been taken 45 times
  • The average score is 12 of 15

Answer Stats

QuestionAnswer% Correct
CanadaSouth
100%
AustraliaSouth
98%
United KingdomSouth
98%
IndiaNorth
96%
ChinaNorth
93%
VenezuelaNorth
91%
GreeceSouth
87%
UkraineNorth
78%
Papua New GuineaSouth
78%
South KoreaNorth
76%
TaiwanNorth
73%
KenyaSouth
67%
PakistanNorth
64%
ParaguaySouth
64%
CameroonSouth
62%

Score Distribution

Percentile by Number Answered

Percent of People with Each Score

Your Score History

You have not taken this quiz